000 00820nas a2200241 4500
001 BR7702983
003 BR-BrBNA
005 20231205083210.0
007 ta
008 230509b bl.|||p| |||| 00| 00por d
040 _aBR-BrBNA
_bpor
_cBiblioteca Nacional de Agricultura
041 _a(Pt)
072 _aH20
100 1 _aFigueiredo, M.B. (Instituto Biologico, Sao Paulo, SP (Brazil). Secao de Micologia Fitopatologica)
100 1 _aPimentel, C.P.V.
245 1 _aPrimeiro catalogo da micoteca da secao de micologia fitopatologica [Fungo; Catalogo]
650 _aDoenca de planta
650 _aFungo
650 _aCatalogo
773 0 _tArquivos do Instituto Biologico (Brazil)
_xISSN 0020-3653
_g(Oct 1977), v. 44(4) p. 247-256
_wBR7702983
909 _a202311
_bLúcia
_c55
_dLúcia Elande
942 _2AGRIS
_n0
_cANA
999 _c97084
_d97084